Život na chvoste história osady Chvastejiv

Bibliographic Details
Main Author: Porada, Miroslav, 1960- (Author)
Format: Book
Language:Slovak
PhysicalDescription:72 strán fotografie 22 cm
Published: Medzilaborce Miroslav Porada 2022
ISBN:9788057045380
Edition:Prvé vydanie
Subjects:

MARC

LEADER 00000cam a2200000 4500
001 vtls012227496
003 SK-MaSNL
005 20260302080606.0
008 230413s2022 xo o g 000 0 slo
015 |a SNBA2023/05 
020 |a 9788057045380  |q (viazané) 
040 |a SNK  |b slo  |c SNK  |e rda 
041 0 |a slo 
043 |a e-xo--- 
044 |a xo  |c SK 
072 7 |a 911  |x Všeobecná geografia. Systematická geografia  |2 konspekt 
080 |a 911.373-021.142  |2 2011 
080 |a 911.375(091)  |2 2011 
080 |a (048.8)  |2 2011 
080 |a (437.6)  |2 2011 
100 1 |a Porada, Miroslav,  |d 1960-  |4 aut  |9 438035 
245 1 0 |a Život na chvoste  |b história osady Chvastejiv  |c Miroslav Porada 
250 |a Prvé vydanie 
264 1 |a Medzilaborce  |b Miroslav Porada  |c 2022 
300 |a 72 strán  |b fotografie  |c 22 cm 
336 |a text  |b txt  |2 rdacontent 
336 |a statický obraz  |b sti  |2 rdacontent 
337 |a bez média  |b n  |2 rdamedia 
338 |a zväzok  |b nc  |2 rdacarrier 
366 |e 100 kusov 
650 0 7 |a zaniknuté obce  |2 SNKPH  |9 109021 
650 0 7 |a Extinct villages  |2 SNKPHeng  |9 485098 
650 0 7 |a dejiny obcí  |2 SNKPH  |9 164834 
650 0 7 |a History of municipalities  |2 SNKPHeng  |9 302507 
651 7 |a Chvastejov (Slovensko : zaniknutá osada)  |2 SNKPHgeo  |9 228936 
651 7 |a Chvastejov (Slovakia : extinct village)  |2 SNKPHeng  |9 744905 
655 7 |a monografie  |2 SNKPH  |9 70139 
655 7 |a Monographs  |2 SNKPHeng  |9 120675 
852 |a Slovenská národná knižnica 
919 |a 978-80-570-4538-0 
954 |a odborná, vedecká literatúra pôvodná (slovenská)  |2 lita 
999 |c 1173721  |d 1175651 
952 |a SNK  |b SNK  |y PREZ  |7 0  |p 17A1527792  |o snkSC 201715  |i snk2023/6013  |8 0  |0 0  |1 0  |4 0  |d 2023-04-13  |l 0  |r 2025-10-24 00:00:00  |w 2026-02-24 
952 |a SNK  |b SNK  |y VYP  |7 0  |p 17A1527793  |o snkSC 201715 D1  |i snk2023/6014  |8 0  |0 0  |1 0  |4 0  |d 2023-04-13  |l 0  |r 2026-02-24 21:13:17  |w 2026-02-24